[Event "North American-ch U20 Girls"]
[Site "Dulles"]
[Date "2023.12.20"]
[Round "3"]
[White "Zhong, April Yunwei"]
[Black "Gaw, Chloe"]
[Result "1-0"]
[WhiteElo "1699"]
[BlackElo "1891"]
[PlyCount "151"]
[EventDate "2023.12.19"]
[EventType "swiss"]
[EventRounds "9"]
[EventCountry "USA"]
[SourceTitle "CB52_2023"]
[SourceDate "2023.12.27"]
[SourceVersion "1"]
[SourceVersionDate "2023.12.27"]
[SourceQuality "1"]

1. e4 c5 2. Nf3 d6 3. Bb5+ Nd7 4. c3 a6 5. Ba4 b5 6. Bc2 Bb7 7. Qe2 Ngf6 8. 0-0 e6 9. d4 Be7 10. Re1 0-0 11. Nbd2 Qc7 12. Nf1 Rfc8 13. Bd3 a5 14. Bd2 b4 15. Ng3 Rab8 16. Rac1 Bc6 17. d5 exd5 18. exd5 Bxd5 19. Nf5 Bf8 20. c4 Re8 21. Qd1 Bc6 22. Bf4 Rxe1+ 23. Nxe1 Ne5 24. Bb1 g6 25. Nh6+ Bxh6 26. Bxh6 Re8 27. h3 Qe7 28. Bg5 Qe6 29. b3 Nh5 30. Qd2 f6 31. Be3 Ng7 32. Rd1 Nf7 33. Nd3 Nf5 34. Nf4 Qe5 35. Bxf5 Qxf5 36. Ne2 Qe4 37. Nf4 Re5 38. Qd3 Qxd3 39. Nxd3 Re8 40. Kf1 a4 41. Bf4 Ra8 42. f3 Bd7 43. Nxc5 Bxh3 44. Nxa4 Bd7 45. Nb6 Ra7 46. Nxd7 Rxd7 47. Rd5 Ra7 48. Bxd6 Rxa2 49. Bxb4 Rb2 50. Rd3 Ne5 51. Rc3 Kf7 52. c5 Nc6 53. Ba3 Rb1+ 54. Kf2 Ke6 55. Rd3 Ke5 56. g3 g5 57. Ke3 Re1+ 58. Kd2 Rg1 59. Bb2+ Kf5 60. Rd5+ Ne5 61. Bxe5 Ke6 62. Rd3 fxe5 63. c6 Rg2+ 64. Kc3 Rg1 65. Kb4 Rc1 66. Kb5 h5 67. Kb6 h4 68. gxh4 gxh4 69. c7 h3 70. Rd2 Kf5 71. Rh2 Rc3 72. b4 Kf4 73. Rxh3 e4 74. fxe4 Rxh3 75. c8Q Rh6+ 76. Qc6 1-0

[Event "New York Karff Memorial op"]
[Site "New York"]
[Date "2023.11.18"]
[Round "3"]
[White "Teasley, Dorothy O"]
[Black "Gaw, Chloe"]
[Result "0-1"]
[WhiteElo "2044"]
[BlackElo "1863"]
[PlyCount "96"]
[EventDate "2023.11.17"]
[EventType "swiss"]
[EventRounds "5"]
[EventCountry "USA"]
[SourceTitle "CB47_2023"]
[SourceDate "2023.11.22"]
[SourceVersion "1"]
[SourceVersionDate "2023.11.22"]
[SourceQuality "1"]

1. d4 d5 2. Nf3 Nf6 3. Bf4 c5 4. e3 Nc6 5. c3 Bg4 6. Be2 e6 7. Nbd2 Be7 8. h3 Bh5 9. 0-0 0-0 10. Ne5 Bxe2 11. Qxe2 Nd7 12. Bh2 Ndxe5 13. dxe5 Qb6 14. Rab1 Qa5 15. a3 b5 16. Ra1 Qb6 17. Nf3 Rfd8 18. Rfd1 a5 19. Bg3 b4 20. axb4 axb4 21. cxb4 Qxb4 22. Qc2 Rxa1 23. Rxa1 Rb8 24. Ra6 Qb5 25. Qa4 Qxa4 26. Rxa4 Rxb2 27. Ra6 Nb8 28. Ra7 Rb1+ 29. Kh2 Kf8 30. Rc7 Ke8 31. Bh4 Bxh4 32. Nxh4 Nd7 33. Rc8+ Ke7 34. Nf3 Rb5 35. Rc7 Kd8 36. Ra7 Rb2 37. Kg3 Kc8 38. Ng5 Nxe5 39. Nxf7 Nxf7 40. Rxf7 Rb7 41. Rf8+ Kd7 42. Kf4 c4 43. Ra8 c3 44. Ra1 Kd6 45. Kf3 Kc5 46. Ke2 Rb2+ 47. Kf3 c2 48. Rc1 Kc4 0-1

[Event "Titled Tuesday intern op 24th Oct Late"]
[Site "Chess.com INT"]
[Date "2023.10.24"]
[Round "5"]
[White "Gaw, Chloe"]
[Black "Hirneise, Jens"]
[Result "0-1"]
[WhiteElo "1915"]
[BlackElo "2266"]
[PlyCount "310"]
[EventDate "2023.10.24"]
[EventType "swiss (blitz)"]
[EventRounds "11"]
[EventCountry "USA"]
[SourceTitle "Mega2024 Update 01"]
[Source "Chessbase"]
[SourceDate "2023.11.12"]
[SourceVersion "1"]
[SourceVersionDate "2023.11.12"]
[SourceQuality "1"]

1. b3 d5 2. Bb2 Nf6 3. d3 Bf5 4. Nd2 e6 5. Ngf3 h6 6. e3 Nbd7 7. Be2 Bd6 8. 0-0 0-0 9. Re1 Bh7 10. c4 c6 11. d4 Ne4 12. Nxe4 dxe4 13. Ne5 Nxe5 14. dxe5 Bc7 15. Qxd8 Rfxd8 16. Rad1 Kf8 17. Ba3+ Ke8 18. Bd6 Bxd6 19. exd6 c5 20. f3 Rd7 21. Rd2 Rad8 22. Red1 f6 23. f4 Kf7 24. a3 a5 25. b4 axb4 26. axb4 cxb4 27. c5 Rc8 28. Rc1 Rdd8 29. Rd4 Kf8 30. Rxb4 Rxd6 31. Rxb7 Rdc6 32. Rb5 Bg6 33. Bg4 Be8 34. Ra5 Ke7 35. Bd1 R6c7 36. Kf2 Bc6 37. Bc2 Bd5 38. Bb1 Rb8 39. Ba2 Rb2+ 40. Kg3 Rxa2 41. Rb5 Ra4 42. h3 Rc4 43. Rxc4 Bxc4 44. Rb6 Bd5 45. Rb2 Rxc5 46. Rd2 f5 47. h4 Kf6 48. Kh3 Rc3 49. Re2 Bc4 50. Re1 Rc2 51. g3 Re2 52. Rc1 Bd3 53. Rc8 Rxe3 54. Rf8+ Ke7 55. Rg8 Kf7 56. Ra8 Bf1+ 57. Kh2 Re2+ 58. Kg1 Rg2+ 59. Kxf1 Rxg3 60. Ra7+ Kf6 61. Ra2 Rf3+ 62. Kg2 Rxf4 63. Kh3 Rf3+ 64. Kg2 Rb3 65. Ra8 g5 66. Rf8+ Kg7 67. Re8 Kf7 68. Rh8 gxh4 69. Rxh6 h3+ 70. Kf2 Rf3+ 71. Ke2 Ke7 72. Rh7+ Kd6 73. Rh5 Ke5 74. Rh8 Kf4 75. Rh4+ Kg3 76. Rh8 Kg2 77. Rg8+ Rg3 78. Ra8 h2 79. Ra1 f4 80. Rb1 Ra3 81. Kd2 h1Q 82. Rxh1 Kxh1 83. Ke2 Rf3 84. Kd2 Re3 85. Kc2 Rd3 86. Kb2 Kg2 87. Kc2 Kf3 88. Kc1 Ke3 89. Kc2 Kd4 90. Kc1 Kd5 91. Kc2 Kc5 92. Kb2 Kb4 93. Kc2 Kc4 94. Kb2 e5 95. Kc2 f3 96. Kc1 Kd5 97. Kb1 Ke6 98. Kc1 Kf5 99. Kb1 Kg4 100. Kc1 Kh3 101. Kb1 Kh2 102. Kc1 Kh1 103. Kb1 Kg1 104. Kc1 Kg2 105. Kb1 Kf2 106. Kc1 Kf1 107. Kb1 Ke1 108. Kc1 Ke2 109. Kc2 f2 110. Kb2 Kf3 111. Kc2 Kg4 112. Kc1 Kh5 113. Kc2 Kg6 114. Kb2 Kf7 115. Kc2 Ke8 116. Kc1 Kd7 117. Kc2 Kc6 118. Kb2 Kb5 119. Ka2 Kb4 120. Kb2 Rd2+ 121. Kb1 e3 122. Kc1 Ka5 123. Kb1 Ka6 124. Kc1 Ka7 125. Kb1 Ka8 126. Kc1 Kb7 127. Kb1 Kc6 128. Kc1 Kd6 129. Kb1 Ke6 130. Kc1 Kf5 131. Kb1 Kg4 132. Kc1 Kh3 133. Kb1 e4 134. Kc1 Kg3 135. Kb1 Kf3 136. Kc1 Kf4 137. Kb1 Ke5 138. Ka1 Kd4 139. Kb1 Kc3 140. Kc1 e2 141. Kb1 Kd3 142. Ka1 Rc2 143. Kb1 Kc3 144. Ka1 e3 145. Kb1 Rd2 146. Ka1 Kd4 147. Kb1 Ke5 148. Ka1 Kf4 149. Kb1 Kg4 150. Kc1 Kh3 151. Kb1 Kg2 152. Ka1 Kh2 153. Kb1 Kh1 154. Kc1 Kg1 155. Kb1 f1Q# 0-1

[Event "New York qual"]
[Site "New York"]
[Date "2023.07.10"]
[Round "9.2"]
[White "Raparthi, Ankit"]
[Black "Gaw, Chloe"]
[Result "1/2-1/2"]
[WhiteElo "1924"]
[BlackElo "1864"]
[PlyCount "113"]
[EventDate "2023.07.06"]
[EventType "tourn"]
[EventRounds "9"]
[EventCountry "USA"]
[SourceTitle "EXT 2024"]
[Source "ChessBase"]
[SourceDate "2023.10.10"]
[SourceVersion "1"]
[SourceVersionDate "2023.10.10"]
[SourceQuality "1"]

1. e4 c5 2. b3 d5 3. exd5 Qxd5 4. Nc3 Qd8 5. Bb2 Nf6 6. Bb5+ Bd7 7. Qe2 e6 8. 0-0-0 a6 9. Bxd7+ Nbxd7 10. g4 Nb6 11. h4 Qc7 12. g5 Nfd5 13. h5 Nxc3 14. Bxc3 0-0-0 15. Nf3 Nd5 16. Bb2 Rg8 17. Kb1 Bd6 18. Qe4 g6 19. hxg6 hxg6 20. Rh7 Qc6 21. d3 Bc7 22. Rdh1 Rgf8 23. a3 Ne7 24. Qxc6 Nxc6 25. Rg7 Rd5 26. Bf6 Rf5 27. Nd2 Rxf2 28. Ne4 Rf5 29. Rhh7 Ne7 30. Ka2 Be5 31. a4 Bxf6 32. gxf6 Rd5 33. Kb2 b6 34. Kc1 Kb8 35. Kd2 Ka8 36. Kc3 Kb8 37. Kd2 Ka8 38. c3 Kb8 39. Kc2 Ka8 40. Nd2 Rf5 41. Nc4 b5 42. axb5 axb5 43. Nb6+ Kb7 44. Nd7 Rf2+ 45. Kd1 Re8 46. Nxc5+ Kc6 47. Ne4 Rb2 48. b4 Kd5 49. Rh3 Rg2 50. Rgh7 Nc6 51. Rg3 Rxg3 52. Nxg3 Rf8 53. Ne4 Ne5 54. Ke2 Nd7 55. Ke3 Ke5 56. Rh1 Rg8 57. Ra1 1/2-1/2

[Event "New York qual"]
[Site "New York"]
[Date "2023.07.07"]
[Round "2"]
[White "Rosenberg, Evan"]
[Black "Gaw, Chloe"]
[Result "1-0"]
[WhiteElo "1973"]
[BlackElo "1864"]
[PlyCount "107"]
[EventDate "2023.07.06"]
[EventType "tourn"]
[EventRounds "9"]
[EventCountry "USA"]
[SourceTitle "EXT 2024"]
[Source "ChessBase"]
[SourceDate "2023.10.10"]
[SourceVersion "1"]
[SourceVersionDate "2023.10.10"]
[SourceQuality "1"]

1. d4 d5 2. Nf3 Nf6 3. Bg5 Ne4 4. Bh4 Qd6 5. a3 Qh6 6. Nc3 g5 7. Bg3 Nxg3 8. fxg3 c6 9. Qd2 g4 10. Ne5 Qxd2+ 11. Kxd2 Bf5 12. Re1 Nd7 13. Nxd7 Kxd7 14. e4 dxe4 15. Nxe4 Bh6+ 16. Kc3 Kc7 17. Bd3 b6 18. Rhf1 Be6 19. Bc4 Kd7 20. Bxe6+ fxe6 21. Rf7 Raf8 22. Nf6+ Kd6 23. Rxf8 Rxf8 24. Nxg4 Bg7 25. Kd3 b5 26. Re2 h5 27. Nf2 e5 28. dxe5+ Bxe5 29. c4 Rd8 30. Ke4 Ke6 31. cxb5 cxb5 32. Nd3 Bc7 33. Nc5+ Kf7 34. Rf2+ Kg8 35. Ne6 Rd7 36. Rf8+ Kh7 37. Rc8 Rd2 38. Rxc7 Rxg2 39. Rxe7+ Kh6 40. b4 Rxh2 41. Rxa7 Re2+ 42. Kf5 Rf2+ 43. Nf4 Rf3 44. Ra6+ Kh7 45. Kg5 Rxg3+ 46. Kxh5 Kg7 47. Rg6+ Rxg6 48. Nxg6 Kf6 49. Nf4 Ke5 50. Kg4 Kd4 51. Ne6+ Kc3 52. Nc7 Kb3 53. Nxb5 Ka4 54. Kf4 1-0

[Event "North American op 32nd"]
[Site "Las Vegas"]
[Date "2022.12.28"]
[Round "6"]
[White "Gaw, Chloe"]
[Black "Gardezi, Arsal"]
[Result "0-1"]
[WhiteElo "1794"]
[BlackElo "2029"]
[PlyCount "58"]
[EventDate "2022.12.26"]
[EventType "swiss"]
[EventRounds "9"]
[EventCountry "USA"]
[SourceTitle "CBM 211 Extra"]
[Source "ChessBase"]
[SourceDate "2023.01.31"]
[SourceVersion "1"]
[SourceVersionDate "2023.01.31"]
[SourceQuality "1"]

1. d4 d5 2. c4 c6 3. Nc3 Nf6 4. e3 e6 5. Nf3 a6 6. Qc2 Nbd7 7. a3 dxc4 8. Bxc4 c5 9. 0-0 b5 10. Be2 Bb7 11. Rd1 Qc7 12. Qb1 Be7 13. Ng5 0-0 14. Nge4 Rfd8 15. Bf3 Nxe4 16. Bxe4 Nf6 17. Bxb7 Qxb7 18. dxc5 Ne4 19. Re1 Nxc5 20. Qc2 a5 21. Rd1 Rxd1+ 22. Qxd1 Rd8 23. Qc2 b4 24. axb4 axb4 25. Nb1 Qe4 26. Qe2 Nb3 27. Nd2 Qc2 28. Rb1 Nxd2 29. Ra1 Nf3+ 0-1

[Event "Wch U14 Girls"]
[Site "Mamaia"]
[Date "2022.09.11"]
[Round "6"]
[White "Seemann, Pola"]
[Black "Gaw, Chloe"]
[Result "1-0"]
[WhiteElo "1635"]
[BlackElo "1813"]
[PlyCount "119"]
[EventDate "2022.09.06"]
[EventType "swiss"]
[EventRounds "11"]
[EventCountry "ROU"]
[SourceTitle "CBM 210 Extra"]
[Source "ChessBase"]
[SourceDate "2022.11.30"]
[SourceVersion "1"]
[SourceVersionDate "2022.11.30"]
[SourceQuality "1"]

1. e4 c5 2. Nf3 d6 3. d4 cxd4 4. Nxd4 Nf6 5. Nc3 Nc6 6. Bc4 e6 7. Be3 Be7 8. Qe2 a6 9. 0-0-0 0-0 10. Bb3 Nxd4 11. Bxd4 b5 12. a3 Qc7 13. Kb1 Bd7 14. Rhg1 a5 15. Nxb5 Bxb5 16. Qxb5 Nxe4 17. Qc4 Qb7 18. f3 d5 19. Qa4 Nc5 20. Bxc5 Bxc5 21. Rge1 Rfc8 22. f4 Be7 23. f5 Ra6 24. fxe6 fxe6 25. Rxe6 Rxe6 26. Bxd5 Qa6 27. Qd7 Rd8 28. Qxe6+ Qxe6 29. Bxe6+ Kf8 30. Rxd8+ Bxd8 31. Ka2 Ke7 32. Bc4 Bc7 33. h3 Bd6 34. Kb3 Be5 35. c3 Kd7 36. Ka4 Bc7 37. Kb5 Kc8 38. Ka6 Kb8 39. a4 h6 40. b4 Be5 41. Kxa5 Bxc3 42. Kb5 Ka7 43. Kc5 Bd2 44. a5 Be3+ 45. Kc6 Bd2 46. Kb5 Be3 47. Ka4 Bf2 48. b5 Be3 49. b6+ Bxb6 50. axb6+ Kxb6 51. Kb4 Kc6 52. Be2 Kd5 53. Kb5 Ke5 54. Kc5 g6 55. Bd3 g5 56. Be2 Kf4 57. Kd4 Kg3 58. Bf3 h5 59. Ke5 g4 60. hxg4 1-0

[Event "Foxwoods op 14th"]
[Site "Ledyard"]
[Date "2022.04.15"]
[Round "4"]
[White "Gaw, Chloe"]
[Black "Yanayt, Eugene"]
[Result "0-1"]
[WhiteElo "1825"]
[BlackElo "2080"]
[PlyCount "64"]
[EventDate "2022.04.13"]
[EventType "swiss"]
[EventRounds "9"]
[EventCountry "USA"]
[SourceTitle "CBM 207 Extra"]
[Source "ChessBase"]
[SourceDate "2022.05.31"]
[SourceVersion "1"]
[SourceVersionDate "2022.05.31"]
[SourceQuality "1"]

1. d4 Nf6 2. c4 g6 3. Nc3 Bg7 4. e4 d6 5. Be2 0-0 6. Nf3 e5 7. d5 a5 8. h3 Na6 9. Bg5 Qe8 10. Nd2 Bd7 11. g4 c6 12. h4 cxd5 13. Bxf6 Bxf6 14. Nxd5 Bd8 15. a4 Nc5 16. b3 f5 17. gxf5 gxf5 18. Qc2 fxe4 19. Nxe4 Qg6 20. f3 Bf5 21. Bd3 Bxe4 22. Bxe4 Qg3+ 23. Ke2 Qg2+ 24. Ke3 Rxf3+ 25. Bxf3 Qxc2 26. Rag1+ Kh8 27. Rg4 Qd3+ 28. Kf2 Qd2+ 29. Be2 Bb6 30. Nxb6 Rf8+ 31. Kg3 Qxe2 32. Kh3 Qf3+ 0-1